The art of decisions : (Record no. 22988)
[ view plain ]
| 000 -LEADER | |
|---|---|
| fixed length control field | 01332cam a22002535a 4500 |
| 001 - CONTROL NUMBER | |
| control field | 15000886 |
| 005 - DATE AND TIME OF LATEST TRANSACTION | |
| control field | 20201128023955.0 |
| 008 - FIXED-LENGTH DATA ELEMENTS--GENERAL INFORMATION | |
| fixed length control field | 070910t2008 enka frb 001 0 eng d |
| 020 ## - INTERNATIONAL STANDARD BOOK NUMBER | |
| International Standard Book Number | 9780273710998 |
| 040 ## - CATALOGING SOURCE | |
| Original cataloging agency | DLC |
| Transcribing agency | DLC |
| Modifying agency | DLC |
| -- | EG-ScBUE |
| Language of cataloging | eng |
| 082 04 - DEWEY DECIMAL CLASSIFICATION NUMBER | |
| Classification number | 658.403 |
| Edition number | 22 |
| Item number | BLA |
| 100 1# - MAIN ENTRY--PERSONAL NAME | |
| Personal name | Blake, Chris, |
| Dates associated with a name | 1960- |
| 245 14 - TITLE STATEMENT | |
| Title | The art of decisions : |
| Remainder of title | how to manage in an uncertain world / |
| Statement of responsibility, etc | Chris Blake. |
| 260 ## - PUBLICATION, DISTRIBUTION, ETC. (IMPRINT) | |
| Place of publication, distribution, etc | Harlow : |
| Name of publisher, distributor, etc | Financial Times Prentice Hall, |
| Date of publication, distribution, etc | c.2008. |
| 300 ## - PHYSICAL DESCRIPTION | |
| Extent | xiv, 232 p. : |
| Other physical details | ill. ; |
| Dimensions | 24 cm. |
| 500 ## - GENERAL NOTE | |
| General note | Index : p. 217-232. |
| 504 ## - BIBLIOGRAPHY, ETC. NOTE | |
| Bibliography, etc | Bibliography : p. 209-215. |
| 505 0# - FORMATTED CONTENTS NOTE | |
| Formatted contents note | The anatomy of decisions -- Bad things sometimes happen to the good guys -- In search of the perfect decision? -- I know I am right (but I am not sure why) -- Calling off the search -- Investing, risk and poker -- Rules of thumb: part 1 / Risk and investing -- Deciding close to home -- Deciding far from home -- Overconfidence and the entrepreneur -- The trouble with winners and experts -- Map making and the planning fallacy -- Fear, greed and risk taking -- The dragon's den syndrome -- Rules of thumb: part 2 / Fighting to win -- The art of decision making. |
| 650 #7 - SUBJECT ADDED ENTRY--TOPICAL TERM | |
| Topical term or geographic name as entry element | Decision making. |
| Source of heading or term | BUEsh |
| 9 (RLIN) | 12112 |
| 650 #7 - SUBJECT ADDED ENTRY--TOPICAL TERM | |
| Topical term or geographic name as entry element | Management. |
| Source of heading or term | BUEsh |
| 9 (RLIN) | 553 |
| 651 ## - SUBJECT ADDED ENTRY--GEOGRAPHIC NAME | |
| Source of heading or term | BUEsh |
| 653 ## - INDEX TERM--UNCONTROLLED | |
| Resource For college | BAEPS, Business Administration |
| Arrived date list | November2016 |
| 942 ## - ADDED ENTRY ELEMENTS (KOHA) | |
| Source of classification or shelving scheme | Dewey Decimal Classification |
| Withdrawn status | Item status | Source of classification or shelving scheme | Damaged status | Not for loan | Vendor | Home library | Current library | Shelving location | Date acquired | Source of acquisition | Cost, normal purchase price | Serial Enumeration / chronology | Total Checkouts | Full call number | Barcode | Date last seen | Date last borrowed | Cost, replacement price | Koha item type |
|---|---|---|---|---|---|---|---|---|---|---|---|---|---|---|---|---|---|---|---|
| Dewey Decimal Classification | Baccah | Central Library | Central Library | First floor | 02/11/2016 | Purchase | 243.00 | 25136 | 1 | 658.403 BLA | 000034597 | 15/07/2025 | 29/02/2020 | 303.75 | Book - Borrowing |